ទឹកនិងប្រេង / (Record no. 9402)

MARC details
000 -LEADER
fixed length control field 02304nam a22002897a 4500
001 - CONTROL NUMBER
control field 9402
003 - CONTROL NUMBER IDENTIFIER
control field FISKH
005 - DATE AND TIME OF LATEST TRANSACTION
control field 20260105111701.0
008 - FIXED-LENGTH DATA ELEMENTS--GENERAL INFORMATION
fixed length control field 260105b cb ||||| |||| 00| 0 eng d
020 ## - INTERNATIONAL STANDARD BOOK NUMBER
International Standard Book Number 9789995001841
040 ## - CATALOGING SOURCE
Original cataloging agency FISKH
Language of cataloging khr
Transcribing agency FISKH
Modifying agency FISKH
082 ## - DEWEY DECIMAL CLASSIFICATION NUMBER
Classification number 398.2
100 ## - MAIN ENTRY--PERSONAL NAME
Personal name Jerng, Yim
245 ## - TITLE STATEMENT
Title ទឹកនិងប្រេង /
Statement of responsibility, etc. អ្នកនិពន្ធ លោក​ យឹម ជឿង , អ្នករៀបរៀង អ៊ាន ភាព
260 ## - PUBLICATION, DISTRIBUTION, ETC.
Place of publication, distribution, etc. ភ្នំពេញ :
Name of publisher, distributor, etc. គ្រឺះស្ថានបោះពុម្ពនិងចែកផ្សាយ ,
Date of publication, distribution, etc. 2013 .
300 ## - PHYSICAL DESCRIPTION
Extent 8 pages :
Other physical details color illustrations ;
Dimensions 17 X 17 cm .
490 ## - SERIES STATEMENT
Series statement រឿងនិទានអប់រំសម្រាប់កុមារ
505 ## - FORMATTED CONTENTS NOTE
Formatted contents note P <br/>
520 ## - SUMMARY, ETC.
Summary, etc. យាយចំនិងចៅចេកប្រកបរបរលក់នំ នៅជាយក្រុង ។​ ថ្ងៃមួយចៅចេកក៏បានយកអាសារដូនចាស់ម្នាក់ដែលដួលសន្លប់ ។​ ក្រោយមកចៅចេកបានបាត់លុយវាក៏យំ លោកមេឃុំបានឃើញគាត់ក៏ជួយរកលុយអោយចៅចេកវីញ ។ ចាប់ពីពេលនោះមកដោយសារការជួយរបស់លោកមេឃុំចៅចេកនិងយាយក៏បានរស់នៅក្នុងជីវភាពសមរម្យ និងបានចូលរៀនដូចក្មេងដទៃ ។​
520 ## - SUMMARY, ETC.
Summary, etc. Grandmother Chom and her grandchild Chaek made a living by selling cakes on the outskirts of the city. One day, Chaek helped an elderly person who had fainted. Later, Chaek lost the money and began to cry. The village chief saw him and helped find the money for Chaek. From that time on, thanks to the village chief’s help, Chaek and the grandmother were able to live a decent life, and Chaek was able to go to school like other children.
521 8# - TARGET AUDIENCE NOTE
Target audience note 650 <br/>
Source Lexile estimate <br/>
521 8# - TARGET AUDIENCE NOTE
Target audience note P <br/>
Source Raz-Plus <br/>
650 ## - SUBJECT ADDED ENTRY--TOPICAL TERM
Topical term or geographic name entry element ទឹកនិងប្រេង
Form subdivision រឿងនិទានកុមារ
700 ## - ADDED ENTRY--PERSONAL NAME
Personal name Samoun , Poch
Relator term Illustrator
942 ## - ADDED ENTRY ELEMENTS (KOHA)
Source of classification or shelving scheme Dewey Decimal Classification
Koha item type Khmer Books
Suppress in OPAC No
Holdings
Withdrawn status Lost status Source of classification or shelving scheme Damaged status Not for loan Collection Home library Current library Shelving location Date acquired Total Checkouts Full call number Barcode Date last seen Price effective from Koha item type
    Dewey Decimal Classification     Khmer Language Books / សៀវភៅភាសាខ្មែរ Footprints International School Library Network Toul Tom Poung Campus Footprints International School Library Network Toul Tom Poung Campus TTP Primary Khmer Bookshelves 01/05/2026   JER 398.2 FIS01755 01/05/2026 01/05/2026 Khmer Books